[Event "Manizales Feria op 29th"]
[Site "Manizales"]
[Date "2024.01.07"]
[Round "5"]
[White "Cardona Marin, Fabio"]
[Black "Uribe Fajardo, Alquiber"]
[Result "0-1"]
[WhiteElo "1795"]
[BlackElo "1551"]
[PlyCount "82"]
[EventDate "2024.01.05"]
[EventType "swiss"]
[EventRounds "7"]
[EventCountry "COL"]
[SourceTitle "CB02_2024"]
[SourceDate "2024.01.10"]
[SourceVersion "1"]
[SourceVersionDate "2024.01.10"]
[SourceQuality "1"]

1. d4 d5 2. Nf3 Nf6 3. Bg5 h6 4. Bxf6 exf6 5. e3 Bg4 6. Be2 Bd6 7. Nbd2 0-0 8. h3 Bf5 9. Bd3 Bxd3 10. cxd3 Re8 11. Qb3 c6 12. Qxb7 Qd7 13. Qxd7 Nxd7 14. Rc1 c5 15. Nb3 cxd4 16. Nfxd4 Ne5 17. Ke2 Ng6 18. g3 Rab8 19. Rc2 Rb7 20. Rhc1 Ne7 21. Nc6 Ng6 22. Ncd4 Ne7 23. h4 Kh7 24. Nc6 Ng6 25. Ncd4 Ne5 26. Rc8 Rxc8 27. Rxc8 Bc7 28. f4 Ng4 29. Nc2 Bb6 30. Nd2 f5 31. b3 Re7 32. d4 Nxe3 33. Nxe3 Bxd4 34. Ndf1 Bxe3 35. Nxe3 d4 36. Rd8 Rxe3+ 37. Kf2 Rd3 38. Rd7 Rd2+ 39. Kf3 Rxa2 40. Rxd4 Ra3 41. Rd3 a5 0-1

[Event "Manizales Feria op 29th"]
[Site "Manizales"]
[Date "2024.01.07"]
[Round "4"]
[White "Uribe Fajardo, Alquiber"]
[Black "Gamboa Carvajal, Oscar Eduardo"]
[Result "1-0"]
[WhiteElo "1551"]
[BlackElo "1600"]
[PlyCount "49"]
[EventDate "2024.01.05"]
[EventType "swiss"]
[EventRounds "7"]
[EventCountry "COL"]
[SourceTitle "CB02_2024"]
[SourceDate "2024.01.10"]
[SourceVersion "1"]
[SourceVersionDate "2024.01.10"]
[SourceQuality "1"]

1. c4 d5 2. cxd5 Qxd5 3. Nc3 Qa5 4. d4 c6 5. Nf3 Bg4 6. h3 Bxf3 7. gxf3 e6 8. e4 Nd7 9. Bg2 Rd8 10. Bd2 Qc7 11. Rc1 Bb4 12. 0-0 Qb8 13. a3 Bd6 14. e5 Bc7 15. b4 Ne7 16. f4 f5 17. Kh1 0-0 18. Rg1 Nb6 19. Be3 Nc4 20. Qb3 b5 21. Bf1 Nd5 22. Bxc4 bxc4 23. Qxc4 Qb7 24. Nxd5 cxd5 25. Qxc7 1-0

[Event "Manizales Feria op 29th"]
[Site "Manizales"]
[Date "2024.01.05"]
[Round "1"]
[White "Chavez Duero, Brayan Steven"]
[Black "Uribe Fajardo, Alquiber"]
[Result "1-0"]
[WhiteElo "2038"]
[BlackElo "1551"]
[PlyCount "81"]
[EventDate "2024.01.05"]
[EventType "swiss"]
[EventRounds "7"]
[EventCountry "COL"]
[SourceTitle "CB02_2024"]
[SourceDate "2024.01.10"]
[SourceVersion "1"]
[SourceVersionDate "2024.01.10"]
[SourceQuality "1"]

1. e4 c6 2. d4 d5 3. Nc3 dxe4 4. Nxe4 Bf5 5. Ng3 Bg6 6. h4 h6 7. Nf3 e6 8. Bd3 Bxd3 9. Qxd3 Nf6 10. Bd2 Nbd7 11. 0-0-0 Be7 12. Ne4 Qc7 13. Kb1 0-0 14. Nxf6+ Nxf6 15. Ne5 c5 16. Qg3 Ne4 17. Qf4 Nxd2+ 18. Qxd2 cxd4 19. f4 Rac8 20. g4 g6 21. Nf3 Bf6 22. h5 Bg7 23. g5 Rfd8 24. hxg6 fxg6 25. gxh6 Bf6 26. h7+ Kh8 27. Qd3 Qg7 28. Rdg1 e5 29. Rxg6 Qf7 30. Qf5 Rf8 31. fxe5 d3 32. c3 Bg7 33. Qxf7 Rxf7 34. Ng5 Rf5 35. e6 Rcf8 36. Nf7+ R5xf7 37. exf7 Rxf7 38. Rd6 Bf6 39. Rxd3 Rxh7 40. Rxh7+ Kxh7 41. Rd7+ 1-0

[Event "Manizales Las Americas blitz op"]
[Site "Manizales"]
[Date "2021.10.23"]
[Round "7"]
[White "Lopez Londono, Alejandro"]
[Black "Uribe Fajardo, Alquiber"]
[Result "0-1"]
[WhiteElo "1680"]
[BlackElo "1540"]
[PlyCount "107"]
[EventDate "2021.10.23"]
[EventType "swiss (blitz)"]
[EventRounds "11"]
[EventCountry "COL"]
[SourceTitle "CBM 205 Extra"]
[Source "ChessBase"]
[SourceDate "2022.01.31"]
[SourceVersion "1"]
[SourceVersionDate "2022.01.31"]
[SourceQuality "1"]

1. e4 c6 2. c3 d5 3. exd5 cxd5 4. d4 Nc6 5. Bd3 Nf6 6. Nf3 Bg4 7. 0-0 e6 8. h3 Bh5 9. Bg5 Bd6 10. Nbd2 Qb6 11. Qb3 Qc7 12. Rfe1 0-0 13. Rac1 a6 14. Qc2 Bg6 15. Bxg6 hxg6 16. Qd3 b5 17. b3 Rac8 18. c4 bxc4 19. bxc4 Nb4 20. Qb1 Rb8 21. a3 Nc6 22. Qa2 Qd7 23. c5 Be7 24. Rb1 Nh7 25. Bf4 Rbc8 26. Rb2 g5 27. Bg3 Nf6 28. Reb1 Ne4 29. Rb7 Qd8 30. Bh2 Bf6 31. Ne5 Nxd4 32. Nd7 Re8 33. Nxe4 dxe4 34. Nxf6+ Qxf6 35. Qc4 Red8 36. Bd6 Rxd6 37. Rb8 Rdd8 38. Rxc8 Rxc8 39. Qxa6 Qd8 40. Rd1 e5 41. Qb7 e3 42. fxe3 Ne2+ 43. Kf2 Qxd1 44. Qxc8+ Kh7 45. Qf5+ g6 46. Qxf7+ Kh6 47. Qf8+ Kh7 48. Qf7+ Kh6 49. Qf8+ Kh7 50. Qf7+ Kh8 51. Qf8+ Kh7 52. Qf7+ Kh6 53. Qf8+ Kh7 54. Qf7+ 0-1

[Event "Manizales Las Americas blitz op"]
[Site "Manizales"]
[Date "2021.10.23"]
[Round "8"]
[White "Pereira Vera, Henry Alberto"]
[Black "Uribe Fajardo, Alquiber"]
[Result "0-1"]
[WhiteElo "1832"]
[BlackElo "1540"]
[PlyCount "100"]
[EventDate "2021.10.23"]
[EventType "swiss (blitz)"]
[EventRounds "11"]
[EventCountry "COL"]
[SourceTitle "CBM 205 Extra"]
[Source "ChessBase"]
[SourceDate "2022.01.31"]
[SourceVersion "1"]
[SourceVersionDate "2022.01.31"]
[SourceQuality "1"]

1. b3 d5 2. Bb2 Nf6 3. Nf3 g6 4. c4 Bg7 5. e3 0-0 6. Be2 Re8 7. 0-0 Nc6 8. d3 b6 9. Nbd2 Bb7 10. Ne5 Nxe5 11. Bxe5 c5 12. Bf3 e6 13. Qc2 Qd7 14. Rad1 Rac8 15. Qb2 Qe7 16. d4 cxd4 17. Bxd4 e5 18. Bc3 e4 19. Be2 Rcd8 20. cxd5 Bxd5 21. Nc4 Bxc4 22. Bxc4 Rxd1 23. Rxd1 Rd8 24. Rxd8+ Qxd8 25. h3 Qd1+ 26. Kh2 Qd6+ 27. Be5 Qe7 28. g4 h5 29. g5 Ne8 30. Bxg7 Nxg7 31. Qd4 Ne6 32. Bxe6 Qxe6 33. Kg3 Qe7 34. Kf4 Qc7+ 35. Qe5 Qd7 36. Qxe4 Qxh3 37. Qe8+ Kg7 38. Qe5+ Kf8 39. Qf6 Qg4+ 40. Ke5 Qe6+ 41. Qxe6 fxe6 42. Kxe6 h4 43. Kf6 h3 44. Kxg6 h2 45. Kf6 h1Q 46. g6 Qf3+ 47. Kg5 Kg7 48. e4 Qxe4 49. f4 Qg2+ 50. Kf5 Qxg6+ 0-1

[Event "Manizales Las Americas blitz op"]
[Site "Manizales"]
[Date "2021.10.23"]
[Round "2"]
[White "Rios, David1111"]
[Black "Uribe Fajardo, Alquiber"]
[Result "1-0"]
[WhiteElo "1768"]
[BlackElo "1540"]
[PlyCount "81"]
[EventDate "2021.10.23"]
[EventType "swiss (blitz)"]
[EventRounds "11"]
[EventCountry "COL"]
[SourceTitle "CBM 205 Extra"]
[Source "ChessBase"]
[SourceDate "2022.01.31"]
[SourceVersion "1"]
[SourceVersionDate "2022.01.31"]
[SourceQuality "1"]

1. e4 c5 2. d3 Nc6 3. c3 d6 4. Be3 Nf6 5. f3 g6 6. Nd2 Bg7 7. Qc2 0-0 8. g4 b6 9. h4 h5 10. g5 Nh7 11. f4 Bb7 12. Bh3 Re8 13. Ngf3 e5 14. f5 d5 15. f6 Bf8 16. 0-0-0 d4 17. Bf2 dxc3 18. bxc3 Bc8 19. Nc4 Bxh3 20. Rxh3 Qd7 21. Rg3 Nd8 22. Ncxe5 Rxe5 23. Nxe5 Qd6 24. d4 Ne6 25. Nc4 Qc7 26. d5 Nf4 27. d6 Qd7 28. e5 Ne6 29. Qe4 Rc8 30. Ne3 Qc6 31. Qxc6 Rxc6 32. Nd5 Nhxg5 33. hxg5 Nd8 34. Ne7+ Kh7 35. Nxc6 Nxc6 36. d7 Be7 37. fxe7 Nxe7 38. d8Q Nf5 39. Rd7 Ng7 40. Rxf7 h4 41. Rg4 1-0

[Event "Manizales Las Americas op-C"]
[Site "Manizales"]
[Date "2021.10.16"]
[Round "5"]
[White "Uribe Fajardo, Alquiber"]
[Black "Diaz Alzate, Thomas"]
[Result "0-1"]
[WhiteElo "1610"]
[BlackElo "1332"]
[PlyCount "29"]
[EventDate "2021.10.14"]
[EventType "swiss"]
[EventRounds "9"]
[EventCountry "COL"]
[SourceTitle "EXT 2023"]
[Source "ChessBase"]
[SourceDate "2022.10.05"]
[SourceVersion "1"]
[SourceVersionDate "2022.10.05"]
[SourceQuality "1"]

1. c4 Nf6 2. d4 g6 3. Nc3 d6 4. e4 Bg7 5. Nf3 0-0 6. g3 c6 7. Bg2 d5 8. e5 Ne4 9. Nxe4 dxe4 10. Ng5 f6 11. exf6 exf6 12. Nxe4 f5 13. Bg5 Qe8 14. 0-0 fxe4 15. Re1 0-1

[Event "Manizales Las Americas op-C"]
[Site "Manizales"]
[Date "2021.10.15"]
[Round "3"]
[White "Suaza Sanabria, Laura Sofia"]
[Black "Uribe Fajardo, Alquiber"]
[Result "1-0"]
[WhiteElo "1418"]
[BlackElo "1610"]
[PlyCount "76"]
[EventDate "2021.10.14"]
[EventType "swiss"]
[EventRounds "9"]
[EventCountry "COL"]
[SourceTitle "EXT 2023"]
[Source "ChessBase"]
[SourceDate "2022.10.05"]
[SourceVersion "1"]
[SourceVersionDate "2022.10.05"]
[SourceQuality "1"]

1. e4 c6 2. d4 d5 3. Nc3 Nf6 4. e5 Ng8 5. Nf3 g6 6. Bd3 Bg7 7. 0-0 e6 8. Bg5 Qc7 9. Qd2 h6 10. Be3 Ne7 11. b4 f5 12. exf6 Bxf6 13. Bf4 Qd8 14. Bxh6 Nf5 15. Bxf5 exf5 16. Bg5 Kf7 17. Bxf6 Qxf6 18. Rfe1 Nd7 19. Re2 Nf8 20. Qg5 Qxg5 21. Nxg5+ Kf6 22. f4 Ne6 23. Nxe6 Bxe6 24. Rae1 Rae8 25. b5 Bd7 26. Rxe8 Bxe8 27. g3 Bd7 28. Kg2 Kf7 29. Rb1 Ke6 30. b6 a6 31. Na4 Kd6 32. Nc5 Rb8 33. Re1 Bc8 34. Re8 a5 35. h4 a4 36. a3 Ra8 37. Rg8 Ke7 38. Rxg6 Kf7 1-0